LEADER 01210nam a2200277 i 4500 001 000000057663 003 CaOOAMICUS 005 20100104000000.0 008 100104s1993 it u000 u ita u 013 $a28835 020 $a88-384-1927-2 040 $aSeMil$bita 100 1 $aKorec, Jan Chryzostom,$c.$0(OLS)http://semarc/name/29345 240 10$aOd barbaskej noci.$0(OLS)http://semarc/title/89772 245 13$aLa notte dei barbari /$cJan Chryzostom Korec Cardinale Vescovo di Nitra ; Presentazione di Vittorio Messori. 260 $aCasale Monferrato (AL) :$bPiemme,$c1993. 300 $a303 p. ;$c22 cm. 500 $aFondo Mons. Mezzanotti. 650 4$aCecoslovacchia - Storia religiosa.$0(OLS)http://semarc/subject/6932 700 1 $aMessori, Vittorio,$d<1941- >.$0(OLS)http://semarc/name/16978 850 $aSeMil 852 $aSeMil$W1$xVenegono$y1$m3E IV 310$j23817$B23817$CSeMilBibl$Z2$F23819 $81 961 $aOmaggio: Mezzanotti mons. Alessandro 996 $6020$a88-384-1927-2$9(OLS)http://semarc/number/33059 996 $6245$aLa notte dei barbari$9(OLS)http://semarc/title/89771 996 $6260$aCasale Monferrato (AL) :$bPiemme$9(OLS)http://semarc/publisher/30052 LEADER 01072nam a2200265 i 4500 001 000000122302 003 CaOOAMICUS 005 20241203143659.0 008 040130s1969 it u000 u ita u 013 $a94997 040 $aSeMil$bita 100 1 $aSuyin, Han.$0(OLS)http://semarc/name/50859 240 12$aA Many-splendoured Thing.$0(OLS)http://semarc/title/180234 245 12$aL'amore è una cosa meravigliosa /$cHan Suyin ; Traduzione di Raffaella Lotteri. 260 $a[Milano] :$bArnoldo Mondadori Editore,$c1969. 300 $a401 p. ;$c19 cm. 490 0 $aOscar Mondadori ;$v240 700 1 $aLotteri, Raffaella.$0(OLS)http://semarc/name/50838 830 0$aOscar ;$v240.$0(OLS)http://semarc/title/8669 850 $aSeMil 852 $aSeMil$W1$xVenegono$y1$m1V I 401$j77299$B77299$CSeMilBibl$Z2$F79077 $81 961 $aRecupero: Seminario di Seveso 996 $6245$aL'amore è una cosa meravigliosa$9(OLS)http://semarc/title/180233 996 $6260$a[Milano] :$bArnoldo Mondadori Editore$9(OLS)http://semarc/publisher/29634